000 00396nam a2200157 i 4500
001 bg
100 1 _aFARRAR, Thomas C.
245 0 _aImpulsnaja i Fure-spektroskopija JaMR /
_cThomas C. Farrar, Edwin D. Becker.
260 _aMoskva,
_c1973.
700 1 _aBECKER, Edwin D.
040 _cBPK
041 _apol
080 _a543.422
942 _cKS
008 s pl f |000 0 pol
999 _c26667
_d26667
856 _uhttp://koha.tu.koszalin.pl/cgi-bin/koha/opac-detail.pl?biblionumber=26667
_yKatalog online BPK